[Event "Manizales Castro Memorial"]
[Site "Manizales"]
[Date "2015.12.20"]
[Round "7"]
[White "Hernandez Pinzon, Helvert"]
[Black "Molina Agudelo, Juan Manuel"]
[Result "1-0"]
[WhiteElo "1992"]
[BlackElo "1857"]
[PlyCount "83"]
[EventDate "2015.12.17"]
[EventType "swiss"]
[EventRounds "7"]
[EventCountry "COL"]
[SourceTitle "CBM 170 Extra"]
[Source "ChessBase"]
[SourceDate "2016.02.25"]
[SourceVersion "1"]
[SourceVersionDate "2016.02.25"]
[SourceQuality "1"]

1. e4 d6 2. d4 g6 3. Bc4 Bg7 4. Nc3 Nd7 5. f4 e6 6. Nf3 Ne7 7. Be3 0-0 8. Qd2 Nb6 9. Bb3 d5 10. 0-0 c6 11. Rae1 Re8 12. g4 dxe4 13. Nxe4 Nbd5 14. Bf2 f5 15. Nc5 Qd6 16. Ng5 b6 17. Ncxe6 h6 18. Nxg7 Kxg7 19. Nf3 fxg4 20. Ne5 h5 21. c4 Nf6 22. Nf7 Qc7 23. Ng5 Bd7 24. d5 Nf5 25. Bd4 c5 26. Be5 Qd8 27. Ne4 Rf8 28. Qc3 h4 29. Bc2 Nd4 30. Bxd4 cxd4 31. Qxd4 Bf5 32. Nxf6 Qxf6 33. Qxf6+ Kxf6 34. Bxf5 gxf5 35. Re6+ Kg7 36. Rfe1 Rf7 37. b3 Rd8 38. Rc6 Rdd7 39. Ree6 h3 40. Rg6+ Kf8 41. Rc8+ Ke7 42. Re6# 1-0

[Event "Pan American-ch U16"]
[Site "Cali"]
[Date "2015.06.29"]
[Round "3"]
[White "Velasco, Isaac"]
[Black "Molina Agudelo, Juan Manuel"]
[Result "1-0"]
[WhiteElo "1558"]
[BlackElo "1933"]
[PlyCount "95"]
[EventDate "2015.06.28"]
[EventType "swiss"]
[EventRounds "9"]
[EventCountry "COL"]
[SourceTitle "EXT 2016"]
[Source "ChessBase"]
[SourceDate "2015.10.08"]
[SourceVersion "1"]
[SourceVersionDate "2015.10.08"]
[SourceQuality "1"]

1. e4 g6 2. d4 d6 3. Nc3 Bg7 4. Nf3 Bg4 5. Bc4 e6 6. Be3 Ne7 7. h3 Bxf3 8. Qxf3 c6 9. d5 Qa5 10. Bd2 Qc5 11. dxe6 fxe6 12. Bxe6 Rf8 13. Qe2 b5 14. 0-0 b4 15. Na4 Qb5 16. Qxb5 cxb5 17. Bxb4 bxa4 18. Rad1 Nbc6 19. Bxd6 Bxb2 20. Bc5 Rf4 21. f3 Rd8 22. Rxd8+ Nxd8 23. Bc4 a3 24. Rd1 Ndc6 25. Bb5 Rf6 26. Bxa7 Kf7 27. Bc5 Ne5 28. Rd8 N7c6 29. Rf8+ Kg7 30. Rxf6 Kxf6 31. f4 Bd4+ 32. Bxd4 Nxd4 33. fxe5+ Kxe5 34. Bd3 Ne6 35. c3 Nc5 36. Kf2 Nb3 37. Ke3 Nc5 38. Bc2 g5 39. g3 h6 40. Kf3 Nd7 41. Ke3 Nb6 42. Kd3 h5 43. h4 g4 44. c4 Nd7 45. Kc3 Nc5 46. Kb4 Kd4 47. e5 Ne6 48. Bg6 1-0

[Event "Antioquia Region-ch U16 Integrada"]
[Site "Medellin"]
[Date "2015.04.28"]
[Round "2.4"]
[White "Molina Agudelo, Juan Manuel"]
[Black "Cardona, Juan Ricardo"]
[Result "1-0"]
[WhiteElo "1783"]
[BlackElo "1867"]
[PlyCount "129"]
[EventDate "2015.04.28"]
[EventType "swiss"]
[EventRounds "6"]
[EventCountry "COL"]
[SourceTitle "EXT 2024"]
[Source "ChessBase"]
[SourceDate "2023.10.10"]
[SourceVersion "1"]
[SourceVersionDate "2023.10.10"]
[SourceQuality "1"]

1. f4 d5 2. Nf3 Nf6 3. e3 c5 4. b3 Bf5 5. Bb2 Nbd7 6. c4 e6 7. Be2 h6 8. 0-0 Bd6 9. Nc3 0-0 10. Rc1 Re8 11. Nh4 Be4 12. f5 Qb8 13. h3 exf5 14. cxd5 g6 15. Bb5 Re7 16. Nxe4 Nxe4 17. Nxf5 gxf5 18. Rxf5 Bh2+ 19. Kh1 Ng3+ 20. Kxh2 Nxf5+ 21. Kg1 Qg3 22. Qh5 Nh4 23. Qg4+ Qxg4 24. hxg4 Ng6 25. d6 Re6 26. Bxd7 Rxd6 27. Bf5 Rxd2 28. Bf6 b6 29. a4 Re8 30. Rc3 Re2 31. e4 Nf4 32. Rg3 Ne6 33. Rh3 Rxg2+ 34. Kh1 Rd2 35. Rxh6 Ng7 36. Rh7 Red8 37. Rxg7+ Kf8 38. Bh7 Rd1+ 39. Kg2 R8d2+ 40. Kg3 Rd3+ 41. Kh4 Ke8 42. e5 Rd4 43. e6 Rh1+ 44. Kg3 Rg1+ 45. Kh2 Rdxg4 46. exf7+ Kf8 47. Rxg4 Rxg4 48. Bg8 Rb4 49. Bg5 Rg4 50. Bh6+ Rg7 51. Bxg7+ Kxg7 52. Kg3 a6 53. Kf4 b5 54. axb5 axb5 55. Ke4 c4 56. bxc4 bxc4 57. Kd4 c3 58. Kxc3 Kf8 59. Kd4 Kg7 60. Ke5 Kf8 61. Ke6 Kg7 62. Ke7 Kh8 63. Bh7 Kg7 64. f8Q+ Kxh7 65. Qf4 1-0

[Event "Pereira Forero Cup 2nd"]
[Site "Pereira"]
[Date "2015.04.19"]
[Round "5"]
[White "Molina Agudelo, Juan Manuel"]
[Black "Mendez Gonzalez, Steven"]
[Result "1/2-1/2"]
[WhiteElo "1783"]
[BlackElo "1500"]
[PlyCount "62"]
[EventDate "2015.04.17"]
[EventType "swiss"]
[EventRounds "5"]
[EventCountry "COL"]
[SourceTitle "CBM 166 Extra"]
[Source "ChessBase"]
[SourceDate "2015.06.18"]
[SourceVersion "1"]
[SourceVersionDate "2015.06.18"]
[SourceQuality "1"]

1. f4 c5 2. e4 Nc6 3. Nf3 d6 4. Bc4 Bg4 5. Bxf7+ Kxf7 6. Ng5+ Ke8 7. Qxg4 Nf6 8. Qe6 Nd4 9. Qf7+ Kd7 10. Na3 h6 11. c3 hxg5 12. cxd4 gxf4 13. d5 g5 14. d3 Qb6 15. Nc4 Qc7 16. a4 Rg8 17. 0-0 Bh6 18. Qe6+ Kd8 19. h4 Qd7 20. Qxd7+ Kxd7 21. hxg5 Bxg5 22. Bxf4 Bxf4 23. Rxf4 Rg3 24. Rf3 Rag8 25. Rxg3 Rxg3 26. Rd1 Ng4 27. Rd2 Kc7 28. b3 b6 29. Nb2 Re3 30. Kf1 Nh2+ 31. Kg1 Ng4 1/2-1/2

[Event "Pereira Forero Cup 2nd"]
[Site "Pereira"]
[Date "2015.04.17"]
[Round "1"]
[White "Molina Agudelo, Juan Manuel"]
[Black "Buitrago, Juan Carlos"]
[Result "1-0"]
[WhiteElo "1783"]
[BlackElo "2074"]
[PlyCount "119"]
[EventDate "2015.04.17"]
[EventType "swiss"]
[EventRounds "5"]
[EventCountry "COL"]
[SourceTitle "CBM 166 Extra"]
[Source "ChessBase"]
[SourceDate "2015.06.18"]
[SourceVersion "1"]
[SourceVersionDate "2015.06.18"]
[SourceQuality "1"]

1. f4 d5 2. Nf3 Nf6 3. e3 c5 4. d4 Nc6 5. c3 e6 6. Bd3 Bd7 7. Nbd2 Qc7 8. Nf1 Be7 9. Ng3 0-0 10. 0-0 Rab8 11. Ng5 h6 12. Nh3 cxd4 13. exd4 b5 14. f5 e5 15. Nh5 Nxh5 16. Qxh5 Bf6 17. Bxh6 gxh6 18. Rf3 Kh7 19. Rg3 Be8 20. Ng5+ Bxg5 21. f6+ e4 22. Rxg5 Qf4 23. Bxe4+ dxe4 24. Rg7+ Kh8 25. Rf1 Qe3+ 26. Kh1 Rg8 27. Qg4 Qg5 28. Rxg5 Rxg5 29. Qf4 Bd7 30. h4 Rg6 31. d5 Rbg8 32. dxc6 Bxc6 33. Qe3 Kh7 34. Rf2 Rg3 35. Qc5 e3 36. Re2 Bxg2+ 37. Rxg2 Rxg2 38. Qxe3 R2g4 39. Qh3 h5 40. Kh2 R8g6 41. a3 Rxf6 42. Qd3+ Rfg6 43. Kh3 a6 44. Qd5 Rg3+ 45. Kh2 Kg7 46. Qe5+ f6 47. Qxg3 Rxg3 48. Kxg3 Kf7 49. Kf4 Ke6 50. b3 a5 51. c4 a4 52. bxa4 bxc4 53. a5 Kd5 54. a6 Kc6 55. Ke4 Kb6 56. Kd4 Kxa6 57. Kxc4 Ka5 58. Kd5 Ka4 59. Ke6 Kxa3 60. Kxf6 1-0

[Event "Bogota Superate Intercol Adv B"]
[Site "Bogota"]
[Date "2014.10.28"]
[Round "7.7"]
[White "Molina Agudelo, Juan Manuel"]
[Black "Walteros, Juan Diego"]
[Result "1-0"]
[WhiteElo "1808"]
[BlackElo "1725"]
[PlyCount "97"]
[EventDate "2014.10.28"]
[EventType "swiss (blitz)"]
[EventRounds "8"]
[EventCountry "COL"]
[SourceTitle "EXT 2024"]
[Source "ChessBase"]
[SourceDate "2023.10.10"]
[SourceVersion "1"]
[SourceVersionDate "2023.10.10"]
[SourceQuality "1"]

1. f4 e5 2. fxe5 d6 3. exd6 Bxd6 4. Nf3 g5 5. d4 g4 6. Ng5 h6 7. Ne4 f5 8. Nxd6+ Qxd6 9. e3 Nf6 10. Bd3 Nc6 11. 0-0 Ne7 12. c4 c6 13. Nc3 Bd7 14. Bd2 0-0-0 15. a3 h5 16. Na4 b6 17. Bb4 c5 18. dxc5 Bxa4 19. cxd6 Bxd1 20. Raxd1 Nc6 21. Bxf5+ Kb8 22. Bc3 Rhf8 23. b4 Ne8 24. b5 Na5 25. Bxa5 bxa5 26. c5 Ng7 27. Bg6 h4 28. c6 Rxf1+ 29. Kxf1 Rf8+ 30. Ke2 Kc8 31. Rf1 Rxf1 32. Kxf1 a4 33. Ke2 Kd8 34. Kd3 g3 35. hxg3 hxg3 36. e4 Kc8 37. e5 Kd8 38. Ke4 Ne6 39. Kf3 Nd4+ 40. Kxg3 Nxb5 41. Bc2 Nxa3 42. Bxa4 Nc4 43. Kf4 a5 44. Kf5 Nb6 45. Bc2 a4 46. Ke6 a3 47. Bb1 Kc8 48. g4 Na4 49. Ke7 1-0

[Event "Bogota Superate Intercol Adv-B"]
[Site "Bogota"]
[Date "2014.10.27"]
[Round "5.4"]
[White "Molina Agudelo, Juan Manuel"]
[Black "Ricciulli Vargas, Roberth Eliece"]
[Result "1-0"]
[WhiteElo "1726"]
[BlackElo "1796"]
[PlyCount "79"]
[EventDate "2014.10.25"]
[EventType "swiss (rapid)"]
[EventRounds "6"]
[EventCountry "COL"]
[SourceTitle "EXT 2024"]
[Source "ChessBase"]
[SourceDate "2023.10.10"]
[SourceVersion "1"]
[SourceVersionDate "2023.10.10"]
[SourceQuality "1"]

1. f4 e5 2. fxe5 d6 3. exd6 Bxd6 4. Nf3 Bg4 5. g3 Bxf3 6. exf3 Nf6 7. d4 0-0 8. Be2 Re8 9. 0-0 c5 10. d5 Nbd7 11. c4 Ne5 12. f4 Ng6 13. Bd3 Ne4 14. Nd2 f5 15. Nxe4 fxe4 16. Bc2 Qf6 17. Rb1 Qd4+ 18. Qxd4 cxd4 19. Ba4 Rec8 20. b3 Bb4 21. Kf2 Ne7 22. Bd7 Rd8 23. Be6+ Kf8 24. Bb2 d3 25. Ke3 Ng8 26. Kxe4 d2 27. Rbd1 Re8 28. a3 Bc5 29. Rxd2 Nf6+ 30. Kf3 Rad8 31. Re2 h5 32. Rfe1 Re7 33. b4 Bd6 34. Bxf6 gxf6 35. c5 Bb8 36. d6 Rh7 37. Bf5 Rh8 38. Re7 h4 39. R1e6 hxg3 40. Rxf6+ 1-0

[Event "Bogota Superate Intercol Adv-B"]
[Site "Bogota"]
[Date "2014.10.26"]
[Round "4.6"]
[White "Chaux, Jesus David"]
[Black "Molina Agudelo, Juan Manuel"]
[Result "0-1"]
[WhiteElo "1767"]
[BlackElo "1726"]
[PlyCount "60"]
[EventDate "2014.10.25"]
[EventType "swiss (rapid)"]
[EventRounds "6"]
[EventCountry "COL"]
[SourceTitle "EXT 2024"]
[Source "ChessBase"]
[SourceDate "2023.10.10"]
[SourceVersion "1"]
[SourceVersionDate "2023.10.10"]
[SourceQuality "1"]

1. e4 d6 2. d4 Nf6 3. Nc3 g6 4. Nf3 Bg7 5. h3 c6 6. Be3 0-0 7. Qd2 Nbd7 8. 0-0-0 b5 9. Bh6 Nb6 10. b3 a5 11. Bxg7 Kxg7 12. e5 Nfd5 13. Ne4 Bf5 14. Ng3 Be6 15. Ng5 Bd7 16. f4 b4 17. N5e4 a4 18. Bd3 axb3 19. axb3 dxe5 20. fxe5 Qc8 21. Ne2 Ra1+ 22. Kb2 Ra2+ 23. Kxa2 Qa8+ 24. Kb1 Bf5 25. Nc5 Bxd3 26. Nxd3 Qa5 27. Qc1 Nc3+ 28. Nxc3 bxc3 29. b4 Qa7 30. Nc5 Ra8 0-1

[Event "Bogota Superate Intercol Adv-B"]
[Site "Bogota"]
[Date "2014.10.26"]
[Round "3.5"]
[White "Molina Agudelo, Juan Manuel"]
[Black "Olarte Parra, Jhoan Sebastian"]
[Result "1/2-1/2"]
[WhiteElo "1726"]
[BlackElo "1972"]
[PlyCount "82"]
[EventDate "2014.10.25"]
[EventType "swiss (rapid)"]
[EventRounds "6"]
[EventCountry "COL"]
[SourceTitle "EXT 2024"]
[Source "ChessBase"]
[SourceDate "2023.10.10"]
[SourceVersion "1"]
[SourceVersionDate "2023.10.10"]
[SourceQuality "1"]

1. f4 e5 2. fxe5 d6 3. exd6 Bxd6 4. Nf3 g5 5. d4 g4 6. Ng5 f5 7. e4 Be7 8. Nh3 h5 9. Nf4 fxe4 10. Bc4 Nf6 11. 0-0 Bf5 12. c3 Qd7 13. Qb3 c6 14. Ne6 Bxe6 15. Bxe6 Qc7 16. Bf7+ Kd8 17. Bg5 Nbd7 18. Qe6 Nf8 19. Qf5 N8h7 20. Bg6 Nxg5 21. Qxg5 Qd6 22. Nd2 b5 23. Bxe4 Nd5 24. Qg7 Bf6 25. Rxf6 Qxf6 26. Qb7 Rc8 27. Bxd5 cxd5 28. Qxd5+ Kc7 29. Rf1 Qc6 30. Rf7+ Kb8 31. Qe5+ Ka8 32. Rf6 Qb7 33. Nb3 Rce8 34. Qf4 Qe4 35. Nc5 Qe1+ 36. Qf1 Qxf1+ 37. Kxf1 Rhf8 38. Rxf8 Rxf8+ 39. Ke2 Re8+ 40. Kd2 Rf8 41. Ke2 Rh8 1/2-1/2

[Event "Bogota Superate Intercol Adv-B"]
[Site "Bogota"]
[Date "2014.10.25"]
[Round "2.6"]
[White "Diaz Herrera, Leider Andres"]
[Black "Molina Agudelo, Juan Manuel"]
[Result "1/2-1/2"]
[WhiteElo "1897"]
[BlackElo "1726"]
[PlyCount "110"]
[EventDate "2014.10.25"]
[EventType "swiss (rapid)"]
[EventRounds "6"]
[EventCountry "COL"]
[SourceTitle "EXT 2024"]
[Source "ChessBase"]
[SourceDate "2023.10.10"]
[SourceVersion "1"]
[SourceVersionDate "2023.10.10"]
[SourceQuality "1"]

1. d4 f5 2. Bf4 Nf6 3. e3 g6 4. Be2 Bg7 5. h4 d6 6. h5 Be6 7. hxg6 hxg6 8. Rxh8+ Bxh8 9. Nf3 c6 10. Ng5 Kd7 11. Nxe6 Kxe6 12. c4 Qa5+ 13. Nc3 Ne4 14. Qb3 Nxc3 15. bxc3 b6 16. Kd2 c5 17. d5+ Kf7 18. Rh1 Nd7 19. Rh7+ Bg7 20. Bh6 Rg8 21. g4 Nf6 22. Rxg7+ Rxg7 23. Bxg7 Kxg7 24. gxf5 Ne4+ 25. Kc2 gxf5 26. f3 Ng3 27. Bd3 Kf6 28. Qb1 Qa4+ 29. Kb2 Qe8 30. Qg1 Qg6 31. Ka3 Qg5 32. Ka4 a6 33. Qe1 Nh5 34. f4 Qg3 35. Qe2 Qg4 36. Qc2 Qg1 37. Bxf5 Qxe3 38. Bg6 Nxf4 39. Qf5+ Kg7 40. Be8 Qe5 41. Qg4+ Kf8 42. Bd7 Nh5 43. Be6 Nf6 44. Qg6 Qh5 45. Qb1 Qe2 46. Kb3 b5 47. Qg6 bxc4+ 48. Ka3 Qh5 49. Qg3 Qh1 50. Qf4 Qh5 51. Qxc4 Qd1 52. Qxa6 Qc1+ 53. Kb3 Qb1+ 54. Ka3 Qc1+ 55. Kb3 Qb1+ 1/2-1/2

[Event "Manizales zt U16 integr Centro"]
[Site "Manizales"]
[Date "2014.05.18"]
[Round "6.7"]
[White "Molina Agudelo, Juan Manuel"]
[Black "Mejia Perez, Javier Camilo"]
[Result "1-0"]
[WhiteElo "1707"]
[BlackElo "1366"]
[PlyCount "68"]
[EventDate "2014.05.15"]
[EventType "swiss"]
[EventRounds "6"]
[EventCountry "COL"]
[SourceTitle "EXT 2024"]
[Source "ChessBase"]
[SourceDate "2023.10.10"]
[SourceVersion "1"]
[SourceVersionDate "2023.10.10"]
[SourceQuality "1"]

1. f4 Nc6 2. e4 e5 3. Nf3 d6 4. Bc4 Bg4 5. c3 Nf6 6. d3 Be7 7. 0-0 0-0 8. h3 Be6 9. Bb3 Nd7 10. Bc2 f5 11. d4 fxe4 12. Bxe4 exf4 13. d5 Nf6 14. Qc2 Bxd5 15. Bxd5+ Nxd5 16. Qb3 Rf5 17. Qxb7 Na5 18. Qa6 Nb6 19. Nd4 Rf6 20. Qxa5 Nc4 21. Qd5+ Kh8 22. Qxc4 d5 23. Qe2 Bc5 24. Rxf4 Rxf4 25. Bxf4 Qf6 26. Qe5 Qb6 27. b4 Bxd4+ 28. Qxd4 Qe6 29. Nd2 c6 30. Nf3 Rf8 31. Re1 Qd7 32. Bg5 Kg8 33. Re7 Qxe7 34. Bxe7 Ra8 1-0

[Event "Manizales zt U16 integr Centro"]
[Site "Manizales"]
[Date "2014.05.16"]
[Round "3.4"]
[White "Molina Agudelo, Juan Manuel"]
[Black "Piamonte, Cristian Eduardo"]
[Result "1/2-1/2"]
[WhiteElo "1707"]
[BlackElo "1508"]
[PlyCount "162"]
[EventDate "2014.05.15"]
[EventType "swiss"]
[EventRounds "6"]
[EventCountry "COL"]
[SourceTitle "EXT 2024"]
[Source "ChessBase"]
[SourceDate "2023.10.10"]
[SourceVersion "1"]
[SourceVersionDate "2023.10.10"]
[SourceQuality "1"]

1. f4 Nc6 2. e4 e5 3. Nf3 d6 4. f5 Nf6 5. Nc3 d5 6. Bb5 Bd7 7. exd5 Nd4 8. Bxd7+ Nxd7 9. 0-0 Bc5 10. Kh1 Nxf5 11. Nxe5 Nxe5 12. Rxf5 Bd6 13. d4 Ng6 14. Bg5 f6 15. Bd2 0-0 16. Qg4 Qd7 17. Qh5 Ne7 18. Rf3 Qe8 19. Qg4 Qg6 20. Qe6+ Qf7 21. Ne4 Nxd5 22. Qxf7+ Rxf7 23. c4 Ne7 24. c5 Bxc5 25. dxc5 Rd8 26. Bc3 Nc6 27. b4 Re7 28. Ng3 Red7 29. Re1 Ne7 30. h3 c6 31. Ne4 Nd5 32. Nd6 Kf8 33. g4 b6 34. Bd2 g5 35. a3 h6 36. h4 Kg7 37. hxg5 hxg5 38. Re6 Rh8+ 39. Kg2 Rh4 40. Nf5+ Kf7 41. Nxh4 Kxe6 42. Nf5 bxc5 43. bxc5 Nc7 44. Bb4 Nd5 45. Nd4+ Kf7 46. Nxc6 Nf4+ 47. Kf1 Rc7 48. Nd4 a5 49. Bxa5 Rxc5 50. Bb4 Rc1+ 51. Kf2 Rd1 52. Ke3 Rg1 53. Ne2 Nxe2 54. Kxe2 Rxg4 55. Bc3 Rf4 56. Rd3 Re4+ 57. Kf3 Rh4 58. Kg3 Ke6 59. Bd4 Rh8 60. a4 Ra8 61. Ra3 f5 62. a5 Ra6 63. Bb6 Kd5 64. Kf3 Kc6 65. Rd3 Ra8 66. Rc3+ Kb7 67. Rc7+ Ka6 68. Rg7 g4+ 69. Kf4 g3 70. Kxf5 g2 71. Rxg2 Rf8+ 72. Ke6 Re8+ 73. Kd7 Rh8 74. Rg7 Rh1 75. Kc7 Rc1+ 76. Kb8 Rh1 77. Ra7+ Kb5 78. Kb7 Rh7+ 79. Bc7 Rh1 80. a6 Rh8 81. Bb6 Rh7+ 1/2-1/2